(KHMER) Grateful peacock / (Record no. 49762)
| 000 -LEADER | |
|---|---|
| fixed length control field | 00283nam a2200109 4500 |
| 020 ## - INTERNATIONAL STANDARD BOOK NUMBER | |
| International Standard Book Number | 9789924350323 |
| 100 ## - MAIN ENTRY--PERSONAL NAME | |
| Personal name | Colosseum |
| 9 (RLIN) | 86887 |
| 245 ## - TITLE STATEMENT | |
| Title | (KHMER) Grateful peacock / |
| Statement of responsibility, etc | Colosseum |
| 260 ## - PUBLICATION, DISTRIBUTION, ETC. (IMPRINT) | |
| Place of publication, distribution, etc | Cambodia |
| Name of publisher, distributor, etc | JS Cambodia |
| Date of publication, distribution, etc | 2021 |
| 300 ## - PHYSICAL DESCRIPTION | |
| Extent | 33 p. |
| Other physical details | col. ill. |
| Dimensions | 26 cm. |
| 942 ## - ADDED ENTRY ELEMENTS (KOHA) | |
| Source of classification or shelving scheme | |
| Koha item type | Book |
| Withdrawn status | Lost status | Source of classification or shelving scheme | Damaged status | Not for loan | Collection code | Home library | Current library | Shelving location | Date acquired | Total Checkouts | Full call number | Barcode | Date last seen | Price effective from | Koha item type |
|---|---|---|---|---|---|---|---|---|---|---|---|---|---|---|---|
| Siem Riep | Asian Hope Siem Reap | Asian Hope Siem Reap | SECONDARY | 11/17/2025 | KHMER E COL | 209434 | 11/17/2025 | 11/17/2025 | Book |